Treasure island / (Record no. 492734)
[ view plain ]
| 000 -LEADER | |
|---|---|
| fixed length control field | 00731nam a22002177a 4500 |
| 003 - CONTROL NUMBER IDENTIFIER | |
| control field | OSt |
| 005 - DATE AND TIME OF LATEST TRANSACTION | |
| control field | 20260512155743.0 |
| 008 - FIXED-LENGTH DATA ELEMENTS--GENERAL INFORMATION | |
| fixed length control field | 260512b |||||||| |||| 00| 0 eng d |
| 020 ## - INTERNATIONAL STANDARD BOOK NUMBER | |
| International Standard Book Number | 9780241507933 |
| 040 ## - CATALOGING SOURCE | |
| Original cataloging agency | Kenya National Library Service |
| 082 ## - DEWEY DECIMAL CLASSIFICATION NUMBER | |
| Classification number | 823.8 STE |
| 100 ## - MAIN ENTRY--PERSONAL NAME | |
| Personal name | Stevenson, Robert Louis, |
| Relator term | author. |
| 245 ## - TITLE STATEMENT | |
| Title | Treasure island / |
| Statement of responsibility, etc. | Robert Louis Stevenson. |
| 300 ## - PHYSICAL DESCRIPTION | |
| Extent | 302 pages : |
| Other physical details | illustrations ; |
| Dimensions | 19 cm. |
| 520 ## - SUMMARY, ETC. | |
| Summary, etc. | Young Jim Hawkins discovers a treasure map and embarks on a dangerous voyage filled with pirates, mutiny, and buried treasure. |
| 650 ## - SUBJECT ADDED ENTRY--TOPICAL TERM | |
| Topical term or geographic name entry element | Adventure stories. |
| 650 ## - SUBJECT ADDED ENTRY--TOPICAL TERM | |
| Topical term or geographic name entry element | Sea stories. |
| 942 ## - ADDED ENTRY ELEMENTS (KOHA) | |
| Source of classification or shelving scheme | Dewey Decimal Classification |
| Koha item type | Books |
| Suppress in OPAC | No |
| Withdrawn status | Source of classification or shelving scheme | Damaged status | Not for loan | Collection | Home library | Current library | Date acquired | Source of acquisition | Cost, normal purchase price | Total checkouts | Full call number | Barcode | Date last seen | Price effective from | Koha item type |
|---|---|---|---|---|---|---|---|---|---|---|---|---|---|---|---|
| Dewey Decimal Classification | Junior Books | Buru Buru Library | Acquisition, Cataloguing, Classification and Distribution Development | 05/12/2026 | BAI | 1249.00 | 823.8 STE | B234743 | 05/12/2026 | 05/12/2026 | Books |
